Stromae - Fils de joie : paroles - Statistiques

Statistiques générales
  • Ce quiz a été pris 128 fois
  • Le résultat moyen est 320 sur 419
Statistiques - réponses
Hint Réponse % Correct
ce
98%
de
98%
fils
97%
a
95%
ô
95%
c'est
94%
C'est
94%
des
94%
et
94%
Et
94%
94%
la
94%
Le
94%
le
94%
ils
92%
Ils
92%
ma
92%
me
92%
pute
92%
pour
91%
Que
91%
que
91%
se
91%
un
91%
comme
89%
disent
89%
fait
89%
je
89%
Couplet 3 Je
89%
te
88%
Pont | Refrain Mais
86%
mais
86%
tout
86%
ou
85%
pas
85%
qu'elle
85%
Les
83%
les
83%
plus
83%
facile
82%
j'suis
82%
J'suis
82%
eux
80%
ne
80%
leurs
79%
Leurs
79%
mère
79%
vrai
79%
après
77%
chère
77%
donc
77%
en
77%
En
77%
on
77%
On
77%
sais
77%
bêtises
76%
est
76%
maman
76%
moi
76%
parfaite
76%
toujours
76%
héros
74%
laissez
74%
monde
74%
n'est
74%
Pardonne
74%
qui
74%
sera
74%
bien
73%
déshumanisent
73%
fièrement
73%
oh
73%
Oui
73%
oui
73%
ça
71%
son
71%
dans
70%
faire
70%
ferme
70%
yeux
70%
Couplet 1 Être
68%
j'en
68%
parlerai
68%
paye
68%
quand
68%
dur
67%
toi
67%
vie
67%
années
65%
client
65%
fois
65%
meilleur
65%
seul
65%
jamais
64%
première
64%
déjà
62%
dernière
62%
peu
62%
Puis
62%
puis
62%
temps
62%
boulot
61%
courtisent
61%
sûrement
61%
appris
59%
ci
59%
difficile
59%
savoir
59%
ton
59%
cette
58%
mêmes
58%
impôts
58%
juger
58%
madame
58%
mêmes
58%
surtout
58%
traite
58%
trop
58%
20
56%
contre
56%
d'être
56%
dire
56%
mien
56%
trouve
56%
30
55%
40
55%
goûté
55%
tendresse
55%
50
53%
différence
53%
faut
53%
humains
53%
métier
53%
nourris
53%
n'y
53%
paiement
53%
pourrais
53%
qu'elles
53%
tes
53%
alors
52%
cent
52%
négociable
52%
non
52%
ont
52%
Couplet 2 Pourquoi
52%
prennent
52%
tien
52%
devrais
50%
elles
50%
Faudrait
50%
l'faire
50%
m'accuse
50%
mannequins
50%
Pauvre
50%
sans
50%
vies
50%
Entre
48%
femme
48%
l'avait
48%
l'insultant
48%
moyennant
48%
prix
48%
putains
48%
c'était
47%
fasse
47%
papiers
47%
bah
45%
Bah
45%
circulez
45%
dignité
45%
lit
45%
Mesdames
45%
qu'il
45%
seraient
45%
Allez
42%
déteste
42%
sécurité
42%
modestes
41%
l'monde
39%
pourries
39%
reprends
36%
t'reste
36%
Aucun quiz correspondant
Distribution des résultats
% des personnes avec chaque résultat
Percentile par nombre de réponses
Votre historique - résultats
Vous n’avez pas pris ce quiz